Munkalapkezelő alkalmazásszerver korszerű technológiák segítségével
Elmentve itt :
| Szerző: | |
|---|---|
| További közreműködők: | |
| Dokumentumtípus: | Szakdolgozat |
| Megjelent: |
2019
|
| Kulcsszavak: | Spring Java SpringBoot Lombok CRUD Representational State Transfer (REST) Application Programming Interface |
| Tárgyszavak: | |
| Online Access: | http://diploma.bibl.u-szeged.hu/73654 |
| LEADER | 01323nta a2200313 i 4500 | ||
|---|---|---|---|
| 001 | dipl73654 | ||
| 005 | 20240117190250.0 | ||
| 008 | 190925s2019 hu om 0|| hun d | ||
| 040 | |a SZTE Diploma Repozitórium |b hun | ||
| 041 | |a hun | ||
| 100 | 1 | |a Tóth László | |
| 245 | 1 | 0 | |a Munkalapkezelő alkalmazásszerver korszerű technológiák segítségével |h [elektronikus dokumentum] / |c László Tóth |
| 246 | 1 | 0 | |a Worksheet management application server with modern technologies |h [elektronikus dokumentum] |
| 260 | |c 2019 | ||
| 650 | 4 | |a Természettudományok | |
| 650 | 4 | |a Natural sciences | |
| 650 | 4 | |a Computer and information sciences | |
| 650 | 4 | |a Computer sciences, information science and bioinformatics | |
| 695 | |a Spring | ||
| 695 | |a Java | ||
| 695 | |a SpringBoot | ||
| 695 | |a Lombok | ||
| 695 | |a CRUD | ||
| 695 | |a Representational State Transfer (REST) | ||
| 695 | |a Application Programming Interface | ||
| 700 | 1 | |a Havasi Ferenc |e ths | |
| 856 | 4 | 0 | |u https://diploma.bibl.u-szeged.hu/id/eprint/73654/1/2018_T%C3%B3th_L%C3%A1szl%C3%B3_GQAQ88_SZ.pdf |z Dokumentum-elérés |
| 856 | 4 | 0 | |u https://diploma.bibl.u-szeged.hu/id/eprint/73654/7/2018_toth_laszlo_melleklet.zip |z Dokumentum-elérés |
| 856 | 4 | 0 | |u https://diploma.bibl.u-szeged.hu/id/eprint/73654/8/2018_toth_laszlo_biralati_lap.pdf |z Dokumentum-elérés |